Cartas de relación
Gespeichert in:
| Hauptverfasser: | , |
|---|---|
| Format: | Buch |
| Sprache: | Spanisch |
| Veröffentlicht: |
Ciudad de México
Editores Mexicanos Unidos
1985
|
| Ausgabe: | 2a. ed |
| Schlagworte: | |
| Tags: |
Tag hinzufügen
Keine Tags, Fügen Sie den ersten Tag hinzu!
|
MARC
| LEADER | 00000nam a2200000 a 4500 | ||
|---|---|---|---|
| 001 | UCM2324 | ||
| 003 | CL-VaPUC | ||
| 008 | 020503e19850500MX |||||||||||||||||spa|d | ||
| 082 | 0 | 4 | |a 972.02 |b COR |2 21 |
| 100 | 0 | |a Cortés, Hernán |e author |9 258554 | |
| 700 | |a Hernández Sánchez-Barba, Mario |e author |9 561954 | ||
| 245 | 1 | 0 | |a Cartas de relación |
| 250 | |a 2a. ed | ||
| 300 | |a 363 p | ||
| 942 | |c BK | ||
| 945 | |d 20020503 00:00:00 |a cmena | ||
| 260 | |a Ciudad de México |b Editores Mexicanos Unidos |c 1985 | ||
| 650 | 7 | |a HISTORIA DESCUBRIMIENTO Y CONQUISTA 1517-1521 |2 CL-VaPUC |9 269450 | |
| 651 | 0 | |a México |9 255269 | |
| 583 | |a last modification |c 20020503 00:00:00 |k Rodrigo Vera | ||
| 999 | |c 300227 |d 300225 | ||
| 952 | |0 0 |1 0 |4 0 |6 972_020000000000000_COR_1985 |7 0 |8 A |9 357724 |a BIBEDU |b BIBEDU |d 2019-11-21 |i 3649520 |l 1 |o 972.02 COR 1985 |p 3649520 |r 2022-08-31 |s 2022-08-25 |w 2019-11-21 |y BK |k LIT | ||
| 952 | |0 0 |1 0 |4 0 |6 972_020000000000000_COR_1985 |7 0 |8 A |9 357725 |a BIBEDU |b BIBEDU |d 2019-11-21 |i 3649539 |o 972.02 COR 1985 |p 3649539 |r 2019-11-21 |w 2019-11-21 |y BK |k LIT | ||